=LDR 00000nam 2200000 4500 =001 INLIS000000000046323 =005 20200218093758 =035 ##$$a 0010-031500000000095 =008 200218################g##########0#ind## =020 ##$$a 978-979-008-249-6 =040 ##$$a NBPDMAT =082 ##$$a 091 =090 ##$$a 091 $b Pra p =245 ##$$a pramana prawa suntingan dan terjemahan =260 ##$$a jakarta :$b Perpustakaan Nasional,$c 2009 =300 ##$$a iii, 124 hlm ; $c 25 X 15 cm. =500 ##$$a Bibliografi : hlm. 119-121 =700 #$$a Nidya nugraha =084 ##$$a 091 PRA p =990 ##$$a 31400069